Chansons d'ITZY - Mort subite - Statistiques

Statistiques générales
  • Ce quiz a été pris 8 fois
  • Le résultat moyen est 12 sur 23
Answers on the Grid
Answers color-coded by a green-red scale on the quiz's grid according to % correct below.
WANNABE
RUDE!
ICY
Love Me Like This
Cheshire
CHERRY
LOCO
NOT SHY
Gnarly
In the morning
KIDDING ME
I AM
NOT CUTE ANYMORE
SNEAKERS
GPT
SHOOT!
CAKE
THAT'S A NO NO
UNTOUCHABLE
SWIPE
How Sweet
Super Lady
DALLA DALLA
Supernova
Don't Give A What
#Twenty
TUNNEL VISION
SET ME FREE
RACER
LOVE is
TENNIS (0:0)
Ready Or Not
IT'z SUMMER
ME
WANT IT?
 
Statistiques - réponses
Réponse % Correct
DALLA DALLA
83%
ICY
83%
NOT SHY
83%
SNEAKERS
83%
CAKE
67%
Cheshire
67%
In the morning
67%
LOCO
67%
THAT'S A NO NO
67%
WANNABE
67%
IT'z SUMMER
50%
SWIPE
50%
TUNNEL VISION
50%
#Twenty
50%
UNTOUCHABLE
50%
KIDDING ME
33%
LOVE is
33%
RACER
33%
SHOOT!
33%
TENNIS (0:0)
33%
WANT IT?
33%
CHERRY
17%
Don't Give A What
17%
Aucun quiz correspondant
Distribution des résultats
% des personnes avec chaque résultat
Percentile par nombre de réponses
Votre historique - résultats
Vous n’avez pas pris ce quiz